Геология и нефтегазоносность карбонатного палеозоя Нижнего Поволжья и Южно-Эмбинского района : (Record no. 313340)
[ view plain ]
| 000 -LEADER | |
|---|---|
| fixed length control field | 01714nam a2200253 a 4500 |
| 001 - CONTROL NUMBER | |
| control field | 000904163 |
| 003 - CONTROL NUMBER IDENTIFIER | |
| control field | AM-YeHGA |
| 005 - DATE AND TIME OF LATEST TRANSACTION | |
| control field | 20250617145518.0 |
| 008 - FIXED-LENGTH DATA ELEMENTS--GENERAL INFORMATION | |
| fixed length control field | 120703s1982 ||| r 000 0 rus d |
| 040 ## - CATALOGING SOURCE | |
| Original cataloging agency | AM-YeHGA |
| 041 0# - LANGUAGE CODE | |
| Language code of text/sound track or separate title | rus |
| 090 ## - LOCALLY ASSIGNED LC-TYPE CALL NUMBER (OCLC); LOCAL CALL NUMBER (RLIN) | |
| -- | 315058 |
| 245 00 - TITLE STATEMENT | |
| Title | Геология и нефтегазоносность карбонатного палеозоя Нижнего Поволжья и Южно-Эмбинского района : |
| Remainder of title | Сборник научных трудов / |
| Statement of responsibility, etc. | Ин-т геологии и разраб. горючих ископаемых, Волгогр. гос. н.-и. и проект. ин-т нефт. пром-сти; Отв. ред.: В.Н. Михалькова. |
| 260 ## - PUBLICATION, DISTRIBUTION, ETC. | |
| Place of publication, distribution, etc. | Москва : |
| Name of publisher, distributor, etc. | ИГИРГИ, |
| Date of publication, distribution, etc. | 1982. |
| 300 ## - PHYSICAL DESCRIPTION | |
| Extent | 103 с. : |
| Other physical details | ил. |
| 504 ## - BIBLIOGRAPHY, ETC. NOTE | |
| Bibliography, etc. note | Библиогр. в конце работ |
| 653 0# - INDEX TERM--UNCONTROLLED | |
| Uncontrolled term | Карбонатные отложения - Палеозой - Нижнее Поволжье |
| 653 0# - INDEX TERM--UNCONTROLLED | |
| Uncontrolled term | Карбонатные отложения - Палеозой - Эмбинский нефтяной район |
| 653 0# - INDEX TERM--UNCONTROLLED | |
| Uncontrolled term | Палеозойские отложения - Нефтеносность - Нижнее Поволжье |
| 653 0# - INDEX TERM--UNCONTROLLED | |
| Uncontrolled term | Палеозойские отложения - Нефтеносность - Эмбинский нефтяной район |
| 700 1# - ADDED ENTRY--PERSONAL NAME | |
| Personal name | Михалькова, В.Н. |
| Relator term | ред. |
| Relationship | edt |
| 710 2# - ADDED ENTRY--CORPORATE NAME | |
| Corporate name or jurisdiction name as entry element | Институт геологии и разработки горючих ископаемых |
| 710 2# - ADDED ENTRY--CORPORATE NAME | |
| Corporate name or jurisdiction name as entry element | Волгоградский государственный научно-исследовательский и проектный институт нефтяной промышленности |
| Withdrawn status | Lost status | Damaged status | Not for loan | Collection | Home library | Current library | Date acquired | Total checkouts | Full call number | Barcode | Date last seen | Price effective from | Koha item type | Public note |
|---|---|---|---|---|---|---|---|---|---|---|---|---|---|---|
| General | Fundamental Scientific Library | Fundamental Scientific Library | 09/01/2017 | PII/500012 | FL0234648 | 09/01/2017 | 09/01/2017 | Գրքեր / Books | 30 Days Loan |
ՀՀ Գիտությունների ազգային ակադեմիայի հիմնարար գիտական գրադարան = Fundamental Scientific Library of NAS RA
All site content, except where otherwise noted, is licensed under a